|
|
|
|
| LEADER |
01815nam a2200433 a 4500 |
| 001 |
EBC3012520 |
| 003 |
MiAaPQ |
| 005 |
20200520144314.0 |
| 006 |
m o d | |
| 007 |
cr cn||||||||| |
| 008 |
090810s2006 dcua sb 000 0 eng d |
| 035 |
|
|
|a (MiAaPQ)EBC3012520
|
| 035 |
|
|
|a (Au-PeEL)EBL3012520
|
| 035 |
|
|
|a (CaPaEBR)ebr10302919
|
| 035 |
|
|
|a (CaONFJC)MIL382362
|
| 035 |
|
|
|a (OCoLC)842563647
|
| 040 |
|
|
|a MiAaPQ
|c MiAaPQ
|d MiAaPQ
|
| 043 |
|
|
|a dd-----
|
| 050 |
|
4 |
|a HC79.I5
|b G87 2006
|
| 100 |
1 |
|
|a Guscina, Anastasia.
|
| 245 |
1 |
0 |
|a Effects of globalization on labor's share in national income
|h [electronic resource] /
|c prepared by Anastasia Guscina.
|
| 260 |
|
|
|a [Washington, D.C.] :
|b International Monetary Fund,
|c 2006.
|
| 300 |
|
|
|a 33 p. :
|b ill.
|
| 490 |
1 |
|
|a IMF working paper ;
|v WP/06/294
|
| 500 |
|
|
|a "December 2006."
|
| 504 |
|
|
|a Includes bibliographical references (p. 32-33).
|
| 533 |
|
|
|a Electronic reproduction. Ann Arbor, MI : ProQuest, 2015. Available via World Wide Web. Access may be limited to ProQuest affiliated libraries.
|
| 650 |
|
0 |
|a National income
|z Developed countries
|x Econometric models.
|
| 650 |
|
0 |
|a Foreign trade and employment
|z Developed countries.
|
| 650 |
|
0 |
|a Wages and labor productivity
|z Developed countries.
|
| 650 |
|
0 |
|a Employees
|x Effect of technological innovations on
|z Developed countries.
|
| 650 |
|
0 |
|a Wages
|x Effect of technological innovations on
|z Developed countries.
|
| 650 |
|
0 |
|a Wage bargaining
|z Developed countries.
|
| 650 |
|
0 |
|a Globalization.
|
| 655 |
|
4 |
|a Electronic books.
|
| 710 |
2 |
|
|a International Monetary Fund.
|b Western Hemisphere Dept.
|
| 710 |
2 |
|
|a ProQuest (Firm)
|
| 830 |
|
0 |
|a IMF working paper ;
|v WP/06/294.
|
| 856 |
4 |
0 |
|u https://ebookcentral.proquest.com/lib/matrademy/detail.action?docID=3012520
|z Click to View
|